000 00935cam a22002654a 4500
020 _a0070418780 (alk. paper)
020 _a0071122508 (ISE)
082 0 0 _a628.3
_bMET
245 0 0 _aWastewater engineering :
_btreatment and reuse /
_cMetcalf & Eddy, Inc.
250 _a4th ed. /
260 _aBoston :
_bMcGraw-Hill,
_cc2003.
300 _axxviii, 1819 p. :
_bill. ;
_c24 cm.
526 _a0
_b0
_c0
_d628_300000000000000_MET
650 0 _aSewage disposal.
_9392
650 0 _aSewerage.
_95193
650 0 _aWater reuse.
_91016
700 1 _aBurton, Franklin L.
_944236
700 1 _aStensel, H. David.
_951797
700 1 _aTchobanoglous, George
_94906
710 2 _aMetcalf & Eddy.
_95817
856 4 1 _uhttp://www.loc.gov/catdir/toc/mh021/2001053724.html
856 4 2 _uhttp://www.loc.gov/catdir/description/mh021/2001053724.html
856 4 2 _uhttp://www.loc.gov/catdir/enhancements/fy0737/2001053724-b.html
942 _2ddc
_cBK
999 _c554348
_d554348